| 000 | 006700000a22001570004500 | ||
|---|---|---|---|
| 003 | MACL | ||
| 005 | 20160123120313.0 | ||
| 008 | 160123b xxu||||| |||| 00| 0 eng d | ||
| 040 |
_aMACL _cMACL |
||
| 041 | _aHindi | ||
| 082 | _a001 | ||
| 245 | _aमध्यप्रदेश लोक सेवा आयोग द्धारा आयोजित राज्य सेवा मुख्य परीक्षा सामान्य अध्ययन सॉल्वड पेपर्स 1998-2010 | ||
| 260 |
_aइन्दौर _bपुणेकर पब्लिकेशन्स _c2013 |
||
| 350 | _a250 | ||
| 942 |
_cHIN _k001 _2ddc |
||
| 999 |
_c47379 _d47379 |
||